| 000 | 00404nam a22001457a 4500 | ||
|---|---|---|---|
| 082 | _aP-621 | ||
| 100 |
_aFaraz arif _950826 |
||
| 245 | _aIntegrated GIS-GPS system for local bus service operation management system | ||
| 260 |
_aRisalpur, _bMCE, _c2015. |
||
| 300 | _a76p. | ||
| 526 |
_a0 _b0 _c0 _dP_621 |
||
| 526 |
_a0 _b0 _c0 _dP_621 |
||
| 700 |
_aMaj Dr Nadeem Anwar Qureshi _920885 |
||
| 942 |
_2ddc _cBK |
||
| 999 |
_c553562 _d553562 |
||